000 00559nam a2200157Ia 4500
008 230921s9999||||xx |||||||||||||| ||und||
020 _a978-3-319-12598-5
041 _aEN
100 _aWilliam A. Vega, Kyriakos S. Markides, Jacqueline L. Angel, Fernando M. Torres-Gil
245 0 _aChallenges of Latino Aging in the Americas
250 _a2015
260 _c2015
_bSpringer International Publishing
856 _uhttps://doi.org/10.1007/978-3-319-12598-5
856 _uhttps://link.springer.com/openurl?genre=book&isbn=978-3-319-12598-5
942 _cEB
999 _c282036
_d282036